[Event "SLO-chT1 East 29th"]
[Site "Slovenia"]
[Date "2019.10.20"]
[Round "9.2"]
[White "Zorko, Joze"]
[Black "Brusnjak, Saso"]
[Result "1/2-1/2"]
[WhiteElo "2100"]
[BlackElo "2052"]
[PlyCount "25"]
[EventDate "2019.09.06"]
[EventType "team-tourn"]
[EventRounds "9"]
[EventCountry "SLO"]
[SourceTitle "CBM 192 Extra"]
[Source "Chessbase"]
[SourceDate "2019.11.06"]
[SourceVersion "1"]
[SourceVersionDate "2019.11.06"]
[SourceQuality "1"]
[WhiteTeam "Celjski"]
[BlackTeam "Sentjur"]
[WhiteTeamCountry "SLO"]
[BlackTeamCountry "SLO"]

1. e4 e5 2. Nf3 Nc6 3. Bc4 Bc5 4. c3 Nf6 5. d4 exd4 6. cxd4 Bb4+ 7. Nbd2 d5 8. exd5 Nxd5 9. Qb3 Na5 10. Qa4+ Nc6 11. Qb3 Na5 12. Qa4+ Nc6 13. Qb3 1/2-1/2

[Event "SLO-chT1 East"]
[Site "Slovenia"]
[Date "2019.09.08"]
[Round "3.1"]
[White "Juvan, Jaka"]
[Black "Brusnjak, Saso"]
[Result "1-0"]
[WhiteElo "2140"]
[BlackElo "2052"]
[PlyCount "87"]
[EventDate "2019.09.06"]
[EventType "team-tourn"]
[EventRounds "9"]
[EventCountry "SLO"]
[SourceTitle "EXT 2020"]
[Source "ChessBase"]
[SourceDate "2019.10.17"]
[SourceVersion "1"]
[SourceVersionDate "2019.10.17"]
[SourceQuality "1"]
[WhiteTeam "Maribor II"]
[BlackTeam "Sentjur"]
[WhiteTeamCountry "SLO"]
[BlackTeamCountry "SLO"]

1. e4 c5 2. Nf3 Nc6 3. d4 cxd4 4. Nxd4 Nf6 5. Nc3 e6 6. Nxc6 bxc6 7. e5 Nd5 8. Ne4 f5 9. exf6 Nxf6 10. Nd6+ Bxd6 11. Qxd6 Qe7 12. Bf4 Qxd6 13. Bxd6 Ne4 14. Be5 Kf7 15. f3 Nf6 16. 0-0-0 d5 17. c4 a5 18. Rd4 Rf8 19. Bd3 Kg8 20. Rh4 g6 21. Re1 Bd7 22. Rf4 Nh5 23. Rg4 Nf6 24. Rg5 Kf7 25. h4 Rg8 26. Bf4 Rae8 27. g4 Bc8 28. h5 gxh5 29. Rxg8 Kxg8 30. g5 Nd7 31. g6 hxg6 32. Bxg6 Rf8 33. Bd6 Rf6 34. Bxh5 e5 35. Rg1+ Kh7 36. c5 e4 37. fxe4 dxe4 38. Bg4 Rf7 39. Re1 Kg6 40. Bh3 Rh7 41. Bxd7 Bxd7 42. Rxe4 Rh1+ 43. Kc2 Kf5 44. Ra4 1-0

[Event "SLO-chT1 East"]
[Site "Slovenia"]
[Date "2019.09.07"]
[Round "2.3"]
[White "Brusnjak, Saso"]
[Black "Vidic, Branko"]
[Result "0-1"]
[WhiteElo "2052"]
[BlackElo "1942"]
[PlyCount "90"]
[EventDate "2019.09.06"]
[EventType "team-tourn"]
[EventRounds "9"]
[EventCountry "SLO"]
[SourceTitle "EXT 2020"]
[Source "ChessBase"]
[SourceDate "2019.10.17"]
[SourceVersion "1"]
[SourceVersionDate "2019.10.17"]
[SourceQuality "1"]
[WhiteTeam "Sentjur"]
[BlackTeam "Lendava Rokada"]
[WhiteTeamCountry "SLO"]
[BlackTeamCountry "SLO"]

1. d4 Nf6 2. c4 g6 3. Nc3 Bg7 4. e4 d6 5. f4 0-0 6. Nf3 c5 7. d5 e6 8. dxe6 fxe6 9. Bd3 Nc6 10. 0-0 Nd4 11. Qe1 Nh5 12. Ng5 Bf6 13. Nh3 Ng7 14. e5 Be7 15. Ne4 d5 16. Neg5 h6 17. Nf3 Ngf5 18. Nxd4 cxd4 19. g4 Bh4 20. Qe2 dxc4 21. Bxc4 b5 22. Bd3 Bb7 23. Be4 d3 24. Qxd3 Qb6+ 25. Kh1 Rfd8 26. Qf3 Nd4 27. Qg2 Bxe4 28. Qxe4 Qc6 29. Qxc6 Nxc6 30. Kg2 Rd3 31. Nf2 Bxf2 32. Kxf2 Nb4 33. a4 Nc2 34. Ra2 b4 35. b3 Rc8 36. f5 g5 37. Ke2 Rxb3 38. fxe6 Nd4+ 39. Kd2 Nxe6 40. Bb2 Nf4 41. Rc1 Rxb2+ 42. Rxb2 Rxc1 43. Kxc1 Nd3+ 44. Kc2 Nxb2 45. Kxb2 a5 0-1

[Event "SLO-chT1 East"]
[Site "Slovenia"]
[Date "2019.09.06"]
[Round "1.2"]
[White "Krnjovsek, Andrej"]
[Black "Brusnjak, Saso"]
[Result "1-0"]
[WhiteElo "2036"]
[BlackElo "2052"]
[PlyCount "71"]
[EventDate "2019.09.06"]
[EventType "team-tourn"]
[EventRounds "9"]
[EventCountry "SLO"]
[SourceTitle "EXT 2020"]
[Source "ChessBase"]
[SourceDate "2019.10.17"]
[SourceVersion "1"]
[SourceVersionDate "2019.10.17"]
[SourceQuality "1"]
[WhiteTeam "Slovenj Gradec"]
[BlackTeam "Sentjur"]
[WhiteTeamCountry "SLO"]
[BlackTeamCountry "SLO"]

1. e4 c5 2. Nf3 Nc6 3. d4 cxd4 4. Nxd4 Nf6 5. Nc3 e6 6. a3 d5 7. exd5 Nxd5 8. Nxc6 bxc6 9. Ne4 f5 10. Ng5 Be7 11. c4 Nb6 12. Qxd8+ Bxd8 13. Bd2 Bf6 14. 0-0-0 Na4 15. b3 Nc5 16. Kc2 0-0 17. b4 Bxg5 18. Bxg5 Ne4 19. Be3 f4 20. Bd4 e5 21. f3 Bf5 22. Bd3 exd4 23. Bxe4 Bxe4+ 24. fxe4 Rad8 25. Rd3 Rfe8 26. Re1 Re5 27. c5 Rh5 28. h3 Kf7 29. Rf1 Rh4 30. Rfd1 Ke6 31. Rxd4 Rf8 32. Rd6+ Ke5 33. Rxc6 Kxe4 34. Re1+ Kd5 35. Rd6+ Kc4 36. Re4+ 1-0

[Event "SLO-chT1 East"]
[Site "Celje"]
[Date "2014.10.18"]
[Round "8"]
[White "Novak, Ksenija"]
[Black "Brusnjak, Saso"]
[Result "1-0"]
[WhiteElo "2078"]
[BlackElo "2086"]
[PlyCount "95"]
[EventDate "2014.10.09"]
[EventType "team-tourn"]
[EventRounds "9"]
[EventCountry "SLO"]
[SourceTitle "EXT 2019"]
[Source "ChessBase"]
[SourceDate "2018.10.10"]
[SourceVersion "1"]
[SourceVersionDate "2018.10.10"]
[SourceQuality "1"]
[WhiteTeam "Celje"]
[BlackTeam "Velenje Veplas"]
[WhiteTeamCountry "SLO"]
[BlackTeamCountry "SLO"]

1. Nf3 d5 2. d4 Nf6 3. c4 c6 4. e3 e6 5. Nc3 Be7 6. Qc2 Nbd7 7. Bd3 0-0 8. 0-0 Qc7 9. b3 b6 10. e4 dxe4 11. Nxe4 Nxe4 12. Bxe4 Nf6 13. Bg5 Nxe4 14. Qxe4 Bb7 15. Bxe7 Qxe7 16. Qe3 Rfe8 17. c5 bxc5 18. dxc5 Rad8 19. Rfd1 Rd5 20. b4 Red8 21. Rxd5 Rxd5 22. Ne5 Qh4 23. a3 Qd4 24. Qxd4 Rxd4 25. Rc1 f6 26. Nc4 Ba6 27. Nd6 g6 28. f3 Kf8 29. Rb1 Bd3 30. Rd1 a6 31. Ne4 e5 32. Nxf6 h5 33. Kf2 Ke7 34. Ne4 Bc2 35. Rxd4 exd4 36. Ke2 Ke6 37. Nd6 Kd5 38. Kd2 Bb1 39. Kc1 Bd3 40. Kd2 Bb1 41. h4 Ke5 42. Nc8 Ke6 43. a4 Kd7 44. Nd6 Ke6 45. b5 cxb5 46. axb5 a5 47. b6 Kd7 48. Nb5 1-0

[Event "SLO-chT1 East"]
[Site "Celje"]
[Date "2014.10.11"]
[Round "3"]
[White "Brusnjak, Saso"]
[Black "Grilc, Mojca"]
[Result "0-1"]
[WhiteElo "2086"]
[BlackElo "1912"]
[PlyCount "92"]
[EventDate "2014.10.09"]
[EventType "team-tourn"]
[EventRounds "9"]
[EventCountry "SLO"]
[SourceTitle "EXT 2019"]
[Source "ChessBase"]
[SourceDate "2018.10.10"]
[SourceVersion "1"]
[SourceVersionDate "2018.10.10"]
[SourceQuality "1"]
[WhiteTeam "Velenje Veplas"]
[BlackTeam "Milan Majcen Sevnica"]
[WhiteTeamCountry "SLO"]
[BlackTeamCountry "SLO"]

1. d4 d5 2. c4 e6 3. Nc3 Nf6 4. Nf3 b6 5. e3 Be7 6. Be2 Nbd7 7. 0-0 Bb7 8. Qc2 0-0 9. b3 Rc8 10. Bb2 c5 11. Rfd1 cxd4 12. exd4 Bd6 13. Nd2 Bb8 14. Qd3 Qc7 15. Qh3 h6 16. Nf1 Rfe8 17. Rac1 Qf4 18. Ne3 dxc4 19. bxc4 Nh7 20. g3 Ng5 21. Qh5 Qc7 22. d5 Nf6 23. Qh4 exd5 24. Ncxd5 Nxd5 25. cxd5 Qd8 26. Qh5 Rxc1 27. Bxc1 Ne4 28. Bb2 Nf6 29. Qf5 Bc8 30. Bxf6 Qxf6 31. Qd3 Bd6 32. Qb5 Rd8 33. Qc6 Qe7 34. Qa4 Bc5 35. Rd3 a5 36. Qc4 Qe5 37. Bf3 Rd6 38. Qb5 Bh3 39. Qb1 Qf6 40. Nc4 Rd8 41. Qd1 Bf5 42. Rd2 Qc3 43. Qe2 b5 44. Ne3 Re8 45. Qxb5 Rxe3 46. fxe3 Qxe3+ 0-1

[Event "SLO-chT1 East"]
[Site "Sentjur"]
[Date "2013.10.25"]
[Round "6"]
[White "Spacapan, Simon"]
[Black "Brusnjak, Saso"]
[Result "0-1"]
[WhiteElo "1968"]
[BlackElo "2063"]
[PlyCount "74"]
[EventDate "2013.10.17"]
[EventType "team-tourn"]
[EventRounds "9"]
[EventCountry "SLO"]
[SourceTitle "EXT 2015"]
[Source "ChessBase"]
[SourceDate "2014.11.20"]
[SourceVersion "1"]
[SourceVersionDate "2014.11.20"]
[SourceQuality "1"]

1. d4 d5 2. c4 c6 3. Nc3 Nf6 4. Nf3 e6 5. Bg5 Be7 6. e3 Ne4 7. Bxe7 Qxe7 8. Bd3 f5 9. 0-0 Nd7 10. Rc1 0-0 11. a3 Kh8 12. b4 a5 13. Qb3 e5 14. Bxe4 dxe4 15. Nxe5 Nxe5 16. dxe5 Qxe5 17. Ne2 axb4 18. axb4 Be6 19. Rfd1 b5 20. Nd4 bxc4 21. Qc3 Bd5 22. Ra1 h6 23. Ra5 f4 24. Rxa8 Rxa8 25. exf4 Qxf4 26. Ne2 Qg4 27. Qe3 Ra2 28. Re1 Rb2 29. h3 Qh5 30. Ng3 Qf7 31. Qd4 c3 32. Nxe4 Bxe4 33. Rxe4 Rb1+ 34. Kh2 c2 35. Qd8+ Kh7 36. Rg4 c1Q 37. Qd3+ g6 0-1

[Event "SLO-chT1 East"]
[Site "Sentjur"]
[Date "2013.10.19"]
[Round "4"]
[White "Smon, Gregor"]
[Black "Brusnjak, Saso"]
[Result "1/2-1/2"]
[WhiteElo "2012"]
[BlackElo "2063"]
[PlyCount "97"]
[EventDate "2013.10.17"]
[EventType "team-tourn"]
[EventRounds "9"]
[EventCountry "SLO"]
[SourceTitle "EXT 2015"]
[Source "ChessBase"]
[SourceDate "2014.11.20"]
[SourceVersion "1"]
[SourceVersionDate "2014.11.20"]
[SourceQuality "1"]

1. e4 c5 2. c3 e6 3. d4 d5 4. exd5 exd5 5. Nf3 Nf6 6. Bb5+ Nc6 7. 0-0 Be7 8. dxc5 0-0 9. Nbd2 Bxc5 10. Nb3 Bb6 11. Nbd4 Qd6 12. Qd3 Ne4 13. Be3 a6 14. Ba4 Nc5 15. Qd1 Nxa4 16. Qxa4 Bc7 17. Rad1 Qg6 18. Qc2 Qh5 19. Ne2 Re8 20. Nf4 Bxf4 21. Bxf4 Bg4 22. Rd3 Qf5 23. Qd2 Re4 24. Bg3 Bxf3 25. Rxf3 Qe6 26. Qd1 d4 27. a3 Rd8 28. Rd3 Qf6 29. Bc7 Rc8 30. Bb6 dxc3 31. Rxc3 Rce8 32. Qb3 Qe6 33. Be3 b5 34. Qxe6 R4xe6 35. g3 Ne5 36. b3 Ng4 37. Bf4 Nf6 38. Rd3 h6 39. Rfd1 Kh7 40. Rd6 g5 41. Be3 Kg6 42. a4 bxa4 43. bxa4 Ng4 44. Bc5 Ne5 45. Kg2 g4 46. h3 h5 47. hxg4 hxg4 48. R1d4 f5 49. a5 1/2-1/2

[Event "SLO-chT1 East"]
[Site "Sentjur"]
[Date "2013.10.17"]
[Round "1"]
[White "Brusnjak, Saso"]
[Black "Kovac, Mitja"]
[Result "1/2-1/2"]
[WhiteElo "2063"]
[BlackElo "2163"]
[PlyCount "96"]
[EventDate "2013.10.17"]
[EventType "team-tourn"]
[EventRounds "9"]
[EventCountry "SLO"]
[SourceTitle "EXT 2015"]
[Source "ChessBase"]
[SourceDate "2014.11.20"]
[SourceVersion "1"]
[SourceVersionDate "2014.11.20"]
[SourceQuality "1"]

1. d4 d5 2. c4 e6 3. Nc3 Nf6 4. Nf3 Be7 5. Qc2 0-0 6. Bg5 Nbd7 7. e3 c6 8. Bd3 Re8 9. 0-0 h6 10. Bh4 dxc4 11. Bxc4 Nd5 12. Bg3 Nxc3 13. bxc3 Bf6 14. Ne5 Qa5 15. Qe4 Qxc3 16. Rac1 Qa5 17. Nxc6 Qf5 18. Qxf5 exf5 19. Nb4 Nb6 20. Bb3 a5 21. Nd5 Nxd5 22. Bxd5 Be6 23. Bxb7 Ra7 24. Bc6 Rd8 25. a4 g5 26. f4 g4 27. Rfd1 Be7 28. d5 Bc8 29. Bf2 Ba3 30. Rb1 Ra6 31. Bh4 Rf8 32. Rb3 Bc5 33. Kf1 f6 34. Bf2 Rd8 35. Ke2 Ra7 36. Ke1 Rc7 37. Rc1 Bb4+ 38. Kf1 Bd7 39. e4 Bxc6 40. dxc6 Rdc8 41. exf5 Rxc6 42. Rxc6 Rxc6 43. Bd4 Rc4 44. Be3 Kf7 45. Rd3 Ke7 46. Rd5 h5 47. g3 Rc2 48. Bb6 Rc1+ 1/2-1/2

[Event "SLO-chT1 Ost"]
[Site "Maribor"]
[Date "2012.10.13"]
[Round "3"]
[White "Mihevc, Ivo"]
[Black "Brusnjak, Saso"]
[Result "0-1"]
[WhiteElo "2181"]
[BlackElo "2070"]
[PlyCount "102"]
[EventDate "2012.10.11"]
[EventType "team-tourn"]
[EventRounds "9"]
[EventCountry "SLO"]
[SourceTitle "EXT 2022"]
[Source "ChessBase"]
[SourceDate "2021.10.06"]
[SourceVersion "1"]
[SourceVersionDate "2021.10.06"]
[SourceQuality "1"]

1. e4 c5 2. Nf3 Nc6 3. d4 cxd4 4. Nxd4 Nf6 5. Nc3 e6 6. Be2 Bb4 7. 0-0 0-0 8. Ndb5 d5 9. exd5 Nxd5 10. Nxd5 exd5 11. Bf4 Be6 12. c3 Bc5 13. Nc7 Rc8 14. Nxe6 fxe6 15. Bg3 Qg5 16. Kh1 Kh8 17. f4 Qh6 18. Bg4 Rcd8 19. Qe2 Rf6 20. f5 e5 21. b4 Bd6 22. b5 Na5 23. Qf2 Nc4 24. Rae1 Nd2 25. Bh4 e4 26. Rg1 Rc8 27. Bh3 Rxc3 28. Bxf6 gxf6 29. Qxa7 Qf4 30. Qa8+ Kg7 31. g3 Qf3+ 32. Rg2 e3 33. Qd8 Ne4 34. Qd7+ Kh6 35. Kg1 Rc7 36. Qe6 Bc5 37. Rge2 Re7 38. Qg8 Rg7 39. Qe6 Be7 40. Bg2 Qf2+ 41. Rxf2 exf2+ 42. Kf1 fxe1Q+ 43. Kxe1 Bb4+ 44. Kd1 Re7 45. Qc8 Nf2+ 46. Kc2 Re2+ 47. Kb1 Nd3 48. a3 Bd6 49. Bxd5 Rb2+ 50. Ka1 Rxb5 51. Qd8 Be5+ 0-1

[Event "SLO-chT"]
[Site "Slovenia"]
[Date "2011.06.12"]
[Round "9"]
[White "Brusnjak, Saso"]
[Black "Kos, Toni"]
[Result "0-1"]
[WhiteElo "2083"]
[BlackElo "2314"]
[PlyCount "94"]
[EventDate "2011.05.27"]
[EventType "team-tourn"]
[EventRounds "9"]
[EventCountry "SLO"]
[SourceTitle "CBM 142 Extra"]
[Source "ChessBase"]
[SourceDate "2011.06.27"]
[SourceVersion "1"]
[SourceVersionDate "2011.06.27"]
[SourceQuality "1"]
[WhiteTeam "Velenje Veplas"]
[BlackTeam "Krsko Triglav"]
[WhiteTeamCountry "SLO"]
[BlackTeamCountry "SLO"]

1. d4 Nf6 2. c4 Nc6 3. Nc3 d6 4. e4 e5 5. d5 Ne7 6. Be2 Ng6 7. Be3 Be7 8. Qd2 0-0 9. 0-0-0 Ng4 10. Bxg4 Bxg4 11. f3 Bd7 12. g4 a6 13. Nge2 b5 14. Ng3 h6 15. Nf5 Bg5 16. Qf2 Bxe3+ 17. Qxe3 bxc4 18. h4 Nf4 19. Rdg1 Rb8 20. Rh2 Kh7 21. Kb1 g6 22. Ng3 Rb4 23. Nge2 Nd3 24. Nc1 Nc5 25. a3 Rb6 26. f4 exf4 27. Qxf4 Qe7 28. Rf1 Rbb8 29. g5 h5 30. Rhf2 Rbe8 31. Qxf7+ Rxf7 32. Rxf7+ Qxf7 33. Rxf7+ Kg8 34. Rf4 Nxe4 35. Nxe4 Rxe4 36. Rxe4 Bf5 37. Kc2 Bxe4+ 38. Kc3 Bxd5 39. Ne2 c5 40. Nf4 Bf7 41. Kd2 Kf8 42. Ke3 d5 43. Ne2 Ke7 44. Kf4 Kd6 45. Nc3 Be6 46. Na4 d4 47. Nb6 Kc6 0-1

[Event "SLO-chT"]
[Site "Slovenia"]
[Date "2011.06.11"]
[Round "8"]
[White "Podkriznik, Gregor"]
[Black "Brusnjak, Saso"]
[Result "1-0"]
[WhiteElo "2354"]
[BlackElo "2083"]
[PlyCount "47"]
[EventDate "2011.05.27"]
[EventType "team-tourn"]
[EventRounds "9"]
[EventCountry "SLO"]
[SourceTitle "CBM 142 Extra"]
[Source "ChessBase"]
[SourceDate "2011.06.27"]
[SourceVersion "1"]
[SourceVersionDate "2011.06.27"]
[SourceQuality "1"]
[WhiteTeam "Ptuj"]
[BlackTeam "Velenje Veplas"]
[WhiteTeamCountry "SLO"]
[BlackTeamCountry "SLO"]

1. Nf3 d5 2. d4 Nf6 3. c4 c6 4. Qc2 e6 5. Bg5 Be7 6. e3 0-0 7. Nc3 Ne4 8. Bxe7 Qxe7 9. Bd3 f5 10. 0-0 Nd7 11. Rab1 h6 12. b4 g5 13. Nd2 Nxd2 14. Qxd2 Nf6 15. f3 e5 16. cxd5 cxd5 17. dxe5 Qxe5 18. Bc2 b6 19. Bb3 Bb7 20. Rfe1 Kh8 21. Nb5 a6 22. Nd4 g4 23. Kh1 f4 24. e4 1-0

[Event "SLO-chT"]
[Site "Slovenia"]
[Date "2011.06.05"]
[Round "6"]
[White "Mohr, Georg"]
[Black "Brusnjak, Saso"]
[Result "1-0"]
[WhiteElo "2512"]
[BlackElo "2083"]
[PlyCount "47"]
[EventDate "2011.05.27"]
[EventType "team-tourn"]
[EventRounds "9"]
[EventCountry "SLO"]
[SourceTitle "CBM 142 Extra"]
[Source "ChessBase"]
[SourceDate "2011.06.27"]
[SourceVersion "1"]
[SourceVersionDate "2011.06.27"]
[SourceQuality "1"]
[WhiteTeam "Maribor"]
[BlackTeam "Velenje Veplas"]
[WhiteTeamCountry "SLO"]
[BlackTeamCountry "SLO"]

1. c4 e5 2. Nc3 Nf6 3. Nf3 Nc6 4. e3 d5 5. cxd5 Nxd5 6. Bb5 Nxc3 7. bxc3 Bd6 8. d4 exd4 9. cxd4 0-0 10. 0-0 Bg4 11. Rb1 Qf6 12. Be2 Qg6 13. Rxb7 Rae8 14. Rb5 f5 15. Ba3 Bh3 16. Ne1 Bg4 17. Bxd6 cxd6 18. Bxg4 fxg4 19. Qc2 Nxd4 20. exd4 Rxe1 21. Qb3+ Re6 22. Re1 Rfe8 23. Rb8 Kf8 24. Rxe6 1-0

[Event "SLO-chT1 Ost"]
[Site "Sentjur"]
[Date "2010.11.20"]
[Round "8"]
[White "Brusnjak, Saso"]
[Black "Brinovec, Franc"]
[Result "1-0"]
[WhiteElo "1985"]
[BlackElo "2104"]
[PlyCount "73"]
[EventDate "2010.11.04"]
[EventType "team-tourn"]
[EventRounds "9"]
[EventCountry "SLO"]
[SourceTitle "EXT 2022"]
[Source "ChessBase"]
[SourceDate "2021.10.06"]
[SourceVersion "1"]
[SourceVersionDate "2021.10.06"]
[SourceQuality "1"]
[WhiteTeam "Velenje Veplas"]
[BlackTeam "Zalec"]
[WhiteTeamCountry "SLO"]
[BlackTeamCountry "SLO"]

1. d4 d5 2. c4 c6 3. Nc3 Nf6 4. Nf3 e6 5. e3 Be7 6. Bd3 Nbd7 7. 0-0 0-0 8. e4 dxe4 9. Nxe4 Re8 10. Bf4 Nxe4 11. Bxe4 Nf8 12. Qc2 Bd6 13. Bxd6 Qxd6 14. Rad1 Qc7 15. Rfe1 b6 16. Re3 Bb7 17. Rde1 Red8 18. c5 Rac8 19. b4 b5 20. a4 a6 21. Rd1 g6 22. Ng5 Qf4 23. Nf3 Nd7 24. g3 Qc7 25. Ng5 Nf8 26. Bg2 Rd7 27. Ne4 Re7 28. Nf6+ Kg7 29. Qc3 e5 30. dxe5 Ne6 31. Red3 Qb8 32. Rd6 Rcc7 33. Qe3 h6 34. f4 Bc8 35. Bxc6 bxa4 36. Rd8 Nf8 37. Rxf8 1-0

[Event "SLO-chT1 Ost"]
[Site "Sentjur"]
[Date "2010.11.20"]
[Round "7"]
[White "Brusnjak, Saso"]
[Black "Ivanec, Dezider"]
[Result "1-0"]
[WhiteElo "1985"]
[BlackElo "2180"]
[PlyCount "85"]
[EventDate "2010.11.04"]
[EventType "team-tourn"]
[EventRounds "9"]
[EventCountry "SLO"]
[SourceTitle "EXT 2022"]
[Source "ChessBase"]
[SourceDate "2021.10.06"]
[SourceVersion "1"]
[SourceVersionDate "2021.10.06"]
[SourceQuality "1"]
[WhiteTeam "Velenje Veplas"]
[BlackTeam "Lendava Rokada"]
[WhiteTeamCountry "SLO"]
[BlackTeamCountry "SLO"]

1. d4 Nf6 2. c4 e6 3. Nc3 Bb4 4. Qc2 Nc6 5. Nf3 d5 6. Bg5 h6 7. Bxf6 Qxf6 8. e3 0-0 9. Bd3 dxc4 10. Bxc4 e5 11. d5 e4 12. Nd2 Ne5 13. Qxe4 Bf5 14. Qd4 c5 15. Qf4 g5 16. Nde4 gxf4 17. Nxf6+ Kh8 18. Be2 fxe3 19. fxe3 Nd3+ 20. Bxd3 Bxd3 21. 0-0-0 c4 22. e4 Bd6 23. g3 Bc5 24. Rxd3 cxd3 25. Kd2 Bd4 26. Rf1 Bxf6 27. Rxf6 Kg7 28. Rf5 b5 29. Kxd3 b4 30. Nb5 Rac8 31. Nxa7 Ra8 32. Nc6 Rxa2 33. d6 Rxb2 34. d7 Rxh2 35. d8Q Rxd8+ 36. Nxd8 f6 37. Kc4 h5 38. Ne6+ Kf7 39. Nf4 h4 40. gxh4 Rxh4 41. Kxb4 Kg7 42. Kc5 Rh1 43. Nh5+ 1-0

[Event "SLO-chT1 Ost"]
[Site "Sentjur"]
[Date "2010.11.09"]
[Round "4"]
[White "Pesec, Franc"]
[Black "Brusnjak, Saso"]
[Result "1/2-1/2"]
[WhiteElo "2150"]
[BlackElo "1985"]
[PlyCount "40"]
[EventDate "2010.11.04"]
[EventType "team-tourn"]
[EventRounds "9"]
[EventCountry "SLO"]
[SourceTitle "EXT 2022"]
[Source "ChessBase"]
[SourceDate "2021.10.06"]
[SourceVersion "1"]
[SourceVersionDate "2021.10.06"]
[SourceQuality "1"]
[WhiteTeam "Celjski"]
[BlackTeam "Velenje Veplas"]
[WhiteTeamCountry "SLO"]
[BlackTeamCountry "SLO"]

1. e4 c5 2. d4 e6 3. Nf3 d5 4. exd5 exd5 5. Nc3 c4 6. Be2 Nf6 7. 0-0 Be7 8. Ne5 0-0 9. f4 Qb6 10. Rb1 Nc6 11. Be3 Bd6 12. Kh1 Bf5 13. Bf3 Nb4 14. Rf2 Bxe5 15. fxe5 Ne4 16. Bxe4 Bxe4 17. a3 Nc6 18. Qe2 Ne7 19. Qg4 Qg6 20. Qxg6 hxg6 1/2-1/2

[Event "SLO-chT1 West"]
[Site "Sentjur"]
[Date "2009.11.08"]
[Round "9"]
[White "Flander, Nejc"]
[Black "Brusnjak, Saso"]
[Result "0-1"]
[WhiteElo "1904"]
[BlackElo "1999"]
[PlyCount "102"]
[EventDate "2009.10.22"]
[EventType "team-tourn"]
[EventRounds "9"]
[EventCountry "SLO"]
[SourceTitle "EXT 2010"]
[Source "ChessBase"]
[SourceDate "2010.11.25"]
[SourceVersion "1"]
[SourceVersionDate "2010.11.25"]
[SourceQuality "1"]

1. e4 c5 2. d4 cxd4 3. c3 d3 4. Bxd3 e6 5. Be3 Nc6 6. f4 Nf6 7. h3 d5 8. e5 Nd7 9. Nf3 Bc5 10. Bxc5 Nxc5 11. 0-0 Qb6 12. Rf2 Ne7 13. Nd4 Nxd3 14. Qxd3 Bd7 15. Nd2 0-0 16. N2f3 Rac8 17. g4 Ng6 18. Qd2 Qc7 19. Re1 f6 20. Ree2 b5 21. a3 a5 22. h4 b4 23. cxb4 Qc1+ 24. Re1 Qxd2 25. Nxd2 axb4 26. h5 fxe5 27. Nxe6 Bxe6 28. hxg6 e4 29. gxh7+ Kxh7 30. Nxe4 dxe4 31. Rxe4 Rc1+ 32. Rf1 Rxf1+ 33. Kxf1 Bxg4 34. f5 Rxf5+ 35. Kg1 Bf3 36. Rxb4 Kh6 37. Rd4 g5 38. b4 Kh5 39. Kf2 Bc6+ 40. Kg1 g4 41. Rd6 Bf3 42. Kh2 Kh4 43. Rg6 Bd5 44. Rh6+ Kg5 45. Rd6 Rf2+ 46. Kg1 Rg2+ 47. Kf1 Bf3 48. b5 Ra2 49. Re6 g3 50. Re1 Rh2 51. Re5+ Kf4 0-1

[Event "SLO-chT1 West"]
[Site "Sentjur"]
[Date "2009.11.07"]
[Round "7"]
[White "Brusnjak, Saso"]
[Black "Karpuzi, Gjuner"]
[Result "1-0"]
[WhiteElo "1999"]
[BlackElo "1669"]
[PlyCount "61"]
[EventDate "2009.10.22"]
[EventType "team-tourn"]
[EventRounds "9"]
[EventCountry "SLO"]
[SourceTitle "EXT 2010"]
[Source "ChessBase"]
[SourceDate "2010.11.25"]
[SourceVersion "1"]
[SourceVersionDate "2010.11.25"]
[SourceQuality "1"]

1. d4 Nf6 2. c4 e5 3. dxe5 Ng4 4. e4 Nxe5 5. f4 Ng6 6. Be3 Bb4+ 7. Nc3 Bxc3+ 8. bxc3 0-0 9. Bd3 d6 10. Nf3 b6 11. 0-0 Re8 12. Qc2 Bb7 13. c5 bxc5 14. Ng5 d5 15. e5 Bc8 16. Bxc5 Nc6 17. e6 Bxe6 18. Nxe6 fxe6 19. Bb5 Nce7 20. Bxe8 Qxe8 21. Bxe7 Qxe7 22. Rae1 Qd6 23. Qe2 Re8 24. f5 Nf8 25. fxe6 Nxe6 26. Rf5 g6 27. Re5 Kf7 28. Qf3+ Kg7 29. Qxd5 Qxd5 30. Rxd5 Kf6 31. Red1 1-0

[Event "SLO Cup"]
[Site "Otocec"]
[Date "2009.05.24"]
[Round "5"]
[White "Urbanc, Peter"]
[Black "Brusnjak, Saso"]
[Result "0-1"]
[WhiteElo "1808"]
[BlackElo "1978"]
[PlyCount "96"]
[EventDate "2009.05.22"]
[EventType "team-tourn"]
[EventRounds "5"]
[EventCountry "SLO"]
[SourceTitle "CBM 130 Extra"]
[Source "ChessBase"]
[SourceDate "2009.07.02"]
[SourceVersion "2"]
[SourceVersionDate "2009.07.15"]
[SourceQuality "1"]

1. d4 Nf6 2. e3 e6 3. Nf3 d5 4. c4 c6 5. Be2 Bd6 6. 0-0 0-0 7. a4 Nbd7 8. Nc3 Ne4 9. Nd2 f5 10. f4 b6 11. Rf3 Bb7 12. Rh3 Ndf6 13. Ncxe4 Nxe4 14. Nxe4 fxe4 15. b3 c5 16. Bb2 Qc7 17. Bg4 Rae8 18. Rg3 cxd4 19. cxd5 e5 20. Be6+ Rxe6 21. dxe6 exf4 22. Rc1 Qe7 23. exf4 Bxf4 24. Qxd4 Bxg3 25. hxg3 Rf6 26. Qd7 Rxe6 27. Rc7 Qxd7 28. Rxd7 Ba6 29. Rxg7+ Kf8 30. Rxa7 Bd3 31. Rxh7 e3 32. Rh1 Bc2 33. Kf1 Bxb3 34. Rh4 Rc6 35. Ba3+ Kf7 36. Ke2 Rc3 37. Bb4 Bc4+ 38. Kf3 Bd5+ 39. Ke2 Rb3 40. a5 b5 41. a6 Bc4+ 42. Rxc4 bxc4 43. a7 Rb2+ 44. Kxe3 Ra2 45. Bc5 c3 46. Kd3 c2 47. a8Q Rxa8 48. Be3 Ra3+ 0-1

[Event "SLO Cup"]
[Site "Otocec"]
[Date "2009.05.23"]
[Round "3"]
[White "Rusjan, Miran"]
[Black "Brusnjak, Saso"]
[Result "1-0"]
[WhiteElo "2224"]
[BlackElo "1978"]
[PlyCount "38"]
[EventDate "2009.05.22"]
[EventType "team-tourn"]
[EventRounds "5"]
[EventCountry "SLO"]
[SourceTitle "CBM 130 Extra"]
[Source "ChessBase"]
[SourceDate "2009.07.02"]
[SourceVersion "2"]
[SourceVersionDate "2009.07.15"]
[SourceQuality "1"]

1. d4 Nf6 2. c4 e6 3. Nc3 d5 4. Bg5 Be7 5. e3 0-0 6. Nf3 Ne4 7. Bxe7 Qxe7 8. Bd3 Nxc3 9. bxc3 b6 10. 0-0 Nd7 11. Qc2 h6 12. cxd5 exd5 13. e4 Bb7 14. e5 c5 15. Rfe1 Rfe8 16. g3 Rac8 17. Qd2 cxd4 18. cxd4 Qa3 19. Re3 Rc3 1-0

[Event "SLO-chT1 East"]
[Site "Celje"]
[Date "2008.12.20"]
[Round "8"]
[White "Slomsek, Zoran"]
[Black "Brusnjak, Saso"]
[Result "1-0"]
[WhiteElo "2127"]
[BlackElo "1978"]
[PlyCount "43"]
[EventDate "2008.11.20"]
[EventType "team-tourn"]
[EventRounds "9"]
[EventCountry "SLO"]
[SourceTitle "EXT 2010"]
[Source "ChessBase"]
[SourceDate "2010.11.25"]
[SourceVersion "1"]
[SourceVersionDate "2010.11.25"]
[SourceQuality "1"]

1. e4 c5 2. Nf3 Nc6 3. d4 cxd4 4. Nxd4 Nf6 5. Nc3 e6 6. Be3 Bb4 7. Bd3 Qa5 8. 0-0 Bxc3 9. bxc3 Qxc3 10. Nb5 Qa5 11. Nd6+ Kf8 12. f4 Qb4 13. e5 Nd5 14. Qh5 Nd8 15. Rab1 Qc3 16. Rb3 Qc6 17. Bc1 b5 18. f5 h6 19. fxe6 dxe6 20. Nxf7 Nxf7 21. Bg6 Qc5+ 22. Kh1 1-0